Plymouth Argyle squad 2020/21 - Statistics

General Stats
  • This quiz has been taken 17 times
    12 since last reset
  • The average score is 18 of 36
Answer Stats
Number - position Answer % Correct
32 - MID George Cooper
100%
1 - GK Mike Cooper
100%
9 - FW (on loan from Blackpool) (signed permanently for an undisclosed fee on 29/01/2021) Ryan Hardie
90%
Manager Ryan Lowe
90%
7- FWD (joined Colchester on loan) Frank Nouble
80%
3 - DEF (Captain) Gary Sawyer
80%
8 - DEF/Mid (vice captain) Joe Edwards
80%
20 - MID (on loan at Torquay United) Adam Randell
70%
10- MID Danny Mayor
70%
24 - DEF (on loan from Fulham) Jerome Opoku
70%
2 - DEF (on loan from Newcastle) Kelland Watts
70%
15 - MID Conor Grant
60%
23 - GK Luke McCormick
60%
6- DEF (joined Bradford City for an undisclosed fee on 12th January 2021 Niall Canavan
60%
21 - FWD ( joined for undisclosed fee from Wolves on 18th January 2021) Niall Ennis
60%
27 - DEF Ryan Law
60%
5 -DEF (joined Wigan athletic on loan Scott Wootton
60%
17 - FWD/DEF Byron Moore
50%
11- FWD (joined Newport County for an undisclosed fee on 28/01/2021) Dom Telford
50%
19 - FWD (on loan at Chippenham Town) Klaidi Lolos
50%
31 - FWD Luke Jephcott
50%
22 - DEF (on loan from Liverpool) Adam Lewis
40%
28 - MID Panutche Camara
40%
4 -DEF Will Aimson
40%
26 - GK Jack Ruddy
30%
41 - DEF (on loan at Barnstaple Town) Ollie Tomlinson
30%
25 - DEF (on loan from Crystal Palace) Sam Woods
30%
29 - FWD (on loan from Fulham)(loan terminated) Timmy Abraham
30%
14 - MID Ben Reeves
20%
33 - FWD (on loan at Dorchester Town) Rubin Wilson
20%
18 - Mid (on loan from Nottingham Forest) Tyrese Fornah
20%
16 - MID Lewis Macleod
10%
38 - MID Ethan Mitchell
0%
42 - MID Jarvis Cleal
0%
39 - FWD Scott Crocker
0%
43 - GK Tyler Coombes
0%
No matching quizzes found
Score Distribution
Percent of People with Each Score
Percentile by Number Answered
Your Score History
You have not taken this quiz since the last reset